00577cam a22002171 4500001001300000003000400013005001700017008004100034010001700075035002000092040001800112042001200130050001500142100002500157245005500182260001000237300001800247500001500265650006200280999001700342sa 66000894 DLC20260227112218.0881028m19639999xx 000 0 sano  asa 66000894  a(OCoLC)23573916 aDLCcMiUdDLC apremarc00aPK673b.J51 aJhā, Rāmacandra.10aVyākaraṇamadhyamāsottarā praśnāvalī. c1963- av. inc19 cm. aRomanized. 0aSanskrit languagexGrammarxExaminations, questions, etc. c67486d67486